| 000 | 00397nam a2200157Ia 4500 | ||
|---|---|---|---|
| 008 | 210716s2003 xx 000 0 und d | ||
| 020 | _a8187328665 | ||
| 041 | _aeng | ||
| 082 | _a005.73 GANP | ||
| 100 | _aGanesan, P Radha. | ||
| 245 | _aC and data structures. | ||
| 250 | _a2 | ||
| 260 |
_aChennai _bScitech Publications Pvt Ltd. _c2003 |
||
| 300 | _a440 | ||
| 650 | _aData Structures(005.73) | ||
| 999 |
_c186295 _d186295 |
||